| 000 | 00588nam a22001937a 4500 | ||
|---|---|---|---|
| 005 | 20140314130228.0 | ||
| 010 | _aENG-109467 | ||
| 020 | _c220.00 | ||
| 035 | _aEN-93000 | ||
| 037 | _bDBAD/PUB | ||
| 082 | _a574.19 | ||
| 100 | _aRagland, Annie | ||
| 245 | 0 | 0 |
_aBiochemistry and biophysics / _cby Annie Ragland [and] N. Arumugam |
| 260 |
_aKanyakumari _bSaras Publicaton _c2013 |
||
| 270 |
_a114/35G, A.R.P. Camp Road, Periavilai, Kottar, Nagercoil _bKanyakumari _e629002 |
||
| 300 |
_axi,292p _c22cm(pbk) |
||
| 700 | _aArumugam, N. | ||
| 942 |
_2ddc _cEN _mRAG _h574.19 |
||
| 999 |
_c82749 _d82749 |
||